000 00896cam a22002895i 4500
001 18945082
003 LC
005 20170203163741.0
008 160121s2016 inu 000 0 eng
010 _a 2016931381
020 _a9781119232681 (pbk.)
040 _aDLC
_beng
_erda
_cDLC
042 _apcc
050 _aQA 76.6 H734 2016
100 1 _aHolland, Eva.
245 1 0 _aAdventures in coding /
_cEva Holland.
260 _aIndianapolis, IN :
_bWiley,
_c2016
263 _a1603
300 _axiv, 300 pages :
_bcolor illustrations ;
_c24 cm
500 _a"... Introduces and guides you through the world of coding using Scratch."
650 _aComputer programming.
650 _aApplication software
_vDevelopment.
700 _aMinnick, Chris
906 _a0
_bibc
_corignew
_d2
_eepcn
_f20
_gy-gencatlg
942 _2lcc
_cBK
999 _c306677
_d306677